00493nam a2200169Ia 4500008004100000041001200041082001900053100001800072245005900090365000800149520001200157546001200169630005900181650001200240655001200252730005900264101110s9999 xx 000 0 und d aENGLISH bSR6222a940.03 aHorrabin J.F. aAt Atlas History of Second World War V-2 Jan - July 40 b3.5 aHistory aENGLISH aAt Atlas History of Second World War V-2 Jan - July 40 aHistory aHistory aAt Atlas History of Second World War V-2 Jan - July 40